Normal view
MARC view
- Younas Butt, M. Dr.
Entry Personal Name
001 - CONTROL NUMBER
- control field: 906
003 - CONTROL NUMBER IDENTIFIER
- control field: NUST
005 - DATE AND TIME OF LATEST TRANSACTION
- control field: 20170516130033.0
008 - FIXED-LENGTH DATA ELEMENTS
- fixed length control field: 170516|| aca||aabn | a|a d
040 ## - CATALOGING SOURCE
- Original cataloging agency: NUST
- Transcribing agency: NUST
100 ## - HEADING--PERSONAL NAME
- Personal name: Younas Butt, M. Dr.
670 ## - SOURCE DATA FOUND
- Source citation: Work cat.: (NUST)0: Younas Butt, M. Dr., Kharmastian [Urdu], 2008
